Statistics for Missing Song Lyrics Quiz

Click here to take the quiz!

General Stats

  • This quiz has been taken 38 times
  • The average score is 4 of 15

Answer Stats

HintAnswer% Correct
When I see your face There's not a thing that I would change 'Cause you're amazing _____ _____ _____ _____ ____Just the way you are
91%
I spent all my years believing you But I just can't get no relief, Lord! Somebody, oh somebody Can anybody find me _______ ______ _______Somebody to Love
71%
When I find myself in times of trouble Mother Mary comes to me Speaking words of wisdom ____ ___ ____Let it Be
65%
You may say I'm a dreamer But I'm not the only one I hope some day you'll join us _____ ______ ____ ____ ____ ___ _____And the world will be as one
38%
So we sailed off to the sun Till we found a sea of green And we lived beneath the waves _____ _____ _____ ______In our yellow submarine
32%
And so Sally can wait, she knows it's too late as we're walking on by Her soul slides away ____ _____ _____ ______ ____ _____But don't look back in anger
24%
All this time I was finding myself, and I Didn't know I was lost _____ _____ _____ _____ _____ _____ _____ ____So wake me up when it's all over
21%
Hate to turn up out of the blue uninvited but I Couldn't stay away I couldn't fight it I had hoped you'd see my face And that you be reminded that for me it isn't over _____ _____ _____ _____ ______ _____ _____Never mind I'll find someone like you
15%
The only heaven I'll be sent to Is when I'm alone with you I was born sick, but I love it Command me to be well Amen, Amen, Amen ____ _____ _____ _____Take me to church
12%
Why am I so emotional? No it's not a good look, gain some self control And deep down I know this never works But you can lay with me so it doesn't hurt _____ _____ _____ ____ ____ _____Oh won't you stay with me?
9%
Your kisses lift me higher Like the sweet song of a choir You light my morning sky ______ ______ _____With burning love
3%
So far removed from all that we went through And I tread a troubled track My odds are stacked ______ ______ ______ _____ ______I'll go back to black
0%
Oh I guess they'll never know How a young heart really feels And why I love her so ______ _____ _____ ___ _____ ____And they called it puppy love
0%
But when I come back, you'll know, know, know I ain't got the time And if my daddy thinks I'm fine _____ ____ _____ ____ _____ _____ _____ _____He's tried to make me go to rehab
0%
Don't know if I feel safe But it's something that I must believe in And it's there when you call out my name ______ ____ ____ _____ _____Love is in the air
0%

Score Distribution

Percentile by Number Answered

Percent of People with Each Score

Your Score History

You have not taken this quiz